| 000 -LEADER |
| fixed length control field |
00382nam a22000977a 4500 |
| 008 - FIXED-LENGTH DATA ELEMENTS--GENERAL INFORMATION |
| fixed length control field |
180217b xxu||||| |||| 00| 0 eng d |
| 100 ## - MAIN ENTRY--AUTHOR'S NAME |
| Author's Name |
Gottfried, Oscar |
| 245 ## - TITLE STATEMENT |
| Title |
Doctors Philatelic - Supplement # 1 (Jan 1958) |
| 260 ## - PUBLICATION, DISTRIBUTION, ETC. (IMPRINT) |
| Place of publication, distribution, etc. |
New York |
| Name of publisher, distributor, etc. |
The American Physician, Inc |
| Date of publication, distribution, etc. |
1958 |
| 650 ## - TOPICAL TERM (Tag) |
| Topical term or geographic name |
Topical Collecting -- Medicine | Topical Collecting -- Famous People | Topical Collecting -- Physicians |